Relevance of Nehru's Thoughts in Present Scenario/ (Record no. 212391)

MARC details
000 -LEADER
fixed length control field 00664nam a22002057a 4500
005 - DATE AND TIME OF LATEST TRANSACTION
control field 20250716114530.0
010 ## - LCCN (DPL NO)
LC control number ENG-145989
020 ## - INTERNATIONAL STANDARD BOOK NUMBER
International Standard Book Number 9789381615119
Terms of availability 695.00
035 ## - SYSTEM CONTROL NUMBER
System control number EN-129521
037 ## - SOURCE OF ACQUISITION
Source of stock number/acquisition DBAD
082 ## - DEWEY DECIMAL CLASSIFICATION NUMBER
Edition number 1
Classification number 080
245 ## - TITLE STATEMENT
Title Relevance of Nehru's Thoughts in Present Scenario/
Statement of responsibility, etc Edited By Kiran Angra [and] Karanjit Kaur
250 ## - EDITION STATEMENT
Edition statement 1
260 ## - PUBLICATION, DISTRIBUTION, ETC. (IMPRINT)
Place of publication, distribution, etc New Delhi
Name of publisher, distributor, etc Pragatisheel Prakashan
Date of publication, distribution, etc 2012
270 ## - ADDRESS
Address N-3/25, First Floor, Mohan Garden, Uttam Nagar
City New Delhi
Postal code 110059
300 ## - PHYSICAL DESCRIPTION
Extent 205p.
Dimensions 22cm(hb)
700 ## - ADDED ENTRY--PERSONAL NAME
Personal name Angra, Kiran
Relator term Editor
9 (RLIN) 83028
700 ## - ADDED ENTRY--PERSONAL NAME
Personal name Karanjit Kaur
Relator term Editor
9 (RLIN) 83029
942 ## - ADDED ENTRY ELEMENTS (KOHA)
Source of classification or shelving scheme Dewey Decimal Classification
Item type English Books
Call number suffix REL
Classification part 080
Holdings
Withdrawn status Lost status Not for loan Collection code Home library Current library Date acquired Source of acquisition Cost, normal purchase price Full call number Barcode Copy number Cost, replacement price Koha item type
    Not For Loan Non-fiction D.B.Act.Division D.B.Act.Division 16/07/2025 DBAD 695.00 REL 080 EN-129521 1 695.00 English Books

© Delhi Public Library
Hit Counter
free hit counter